Kedoktoran Islam
| Main Author: | |
|---|---|
| Other Authors: | |
| Format: | Book |
| Published: |
Kuala Lumpur :
DBP ,
1992
|
| Subjects: |
MARC
| LEADER | 00000cam a2200000 7i4500 | ||
|---|---|---|---|
| 001 | 0000004988 | ||
| 002 | 000005379 | ||
| 005 | 20000330.0 | ||
| 020 | |a 9836228586 | ||
| 090 | 0 | 0 | |a 297.1975 |b TAH |
| 100 | 0 | |a Ahmad Taha | |
| 245 | 1 | 0 | |a Kedoktoran Islam |c Ahmad Taha ; penterjemah Ismail Ibrahim |
| 260 | |a Kuala Lumpur : |b DBP , |c 1992 | ||
| 300 | |a 148 p. ; |c 22 cm. | ||
| 650 | 0 | 0 | |a Medicine |x Religious aspects |x Islam |
| 700 | 0 | |a Ismail Ibrahim | |
| 999 | |a 037686 |b BUKU |c PINJAMAN |e PERPUSTAKAAN KOMUNITI PETALING JAYA | ||
| 999 | |a 037687 |b BUKU |c PINJAMAN |e PERPUSTAKAAN KOMUNITI PETALING JAYA | ||